Score 0/24 Timer 03:00
1 Play Today
Ladder Rung % Correct
Ladder 1BEES
97.8%
Ladder 1BEEF
97.8%
Ladder 1FEES
96.2%
Ladder 1FREE
94.8%
Ladder 1REEF
94.3%
Ladder 1FEET
92.6%
Ladder 1FRET
91%
Ladder 3DIME
90.6%
Ladder 2FEED
90.1%
Ladder 2LEAD
85.9%
Ladder 2FLED
82.4%
Ladder 2LEAP
80.7%
Ladder Rung % Correct
Ladder 2PLEA
76.5%
Ladder 2FLEA
75.7%
Ladder 3ACED
75.2%
Ladder 3DIMS
73.3%
Ladder 2HEAD
72.3%
Ladder 2HEED
72%
Ladder 3ACES
72%
Ladder 3AIMS
70.5%
Ladder 3ARES
69.3%
Ladder 3ARMS
68.1%
Ladder 3ICED
53.9%
Ladder 3DICE
51.4%

Today's Daily Dose

Missing Word
Train Books

Word Ladder
Piano Man

Quick Pick
Google Products

Get the Picture
Moana or Coco

Remove Ads.
Support Sporcle.
Get the best of Sporcle when you Go Orange. This ad-free experience offers more features, more stats, and more fun while also helping to support Sporcle. Thank you for becoming a member.

You're not logged in!

Compare scores with friends on all Sporcle quizzes.
OR
Log In

Show Comments

Extras

Top Quizzes Today


Score Distribution

Your Account Isn't Verified!

In order to create a playlist on Sporcle, you need to verify the email address you used during registration. Go to your Sporcle Settings to finish the process.

Report this User

Report this user for behavior that violates our Community Guidelines.

Details: